000 01228nam0a22003011 4500
001 RU\NLR\INFOCOMM_195\5000071102
005 20250613101533.0
035 _a(NLR Aleph) 009382399
090 _a7990901
_c7990901
100 _a20101229d1986 |||y0rusy50 ca
101 1 _aita
_crus
102 _aRU
105 _aa ||||000|y
200 1 _aI grandi disegni italiani del Museo Puškin di Mosca
_e[Album]
_fTesti e commenti di Marina Maiskaja
_g[Trad. dal testo orig. russo di Marussia Galmozzi Cremaschi]
210 _aS. l.
_aM.
_cRiunione adriatica di sicurtà
_cIskusstvo
_d1986
215 _a262 с.
_cил., цв. ил.
_d32 см
320 _aБиблиогр.: с. 241-248
606 _aРисунок, итальянский
_yМузей изобразительных искусств, Москва
_xСобрания
_2nlr_sh1
686 _aЩ153(4Ит)-44л61
_2rubbk
686 _aЩ101.3(2Р)-2Москва2
_2rubbk
701 1 _9z01790
_aMajskaja
_bM. I.
_gMarina Ivanovna
_4070
712 0 2 _aMuseo di arti figurative A. S. Puškin
_cMosca
_4570
790 1 _9z01701
_aMaiskaja
_bM.
_gMarina
_4070
801 1 _aRU
_bNLR
_c20101229
801 0 _aRU
_bNLR
_gPSBO
852 _aNLR
_jЭ АлИс134/2-М821
942 _cBOOK
980 _aNB